00337nam a2200133Ia 4500008004100000041000800041082001500049100002200064245004500086260002300131300003100154365001200185440000600197240624s9999 xx 000 0 und d aeng a302.35 GRE aGREENWOOD ROYSTON aINSTITUTIONAL THEORY IN ORGANIZATION STU c2012aLondonbSage axxx, : 328 : p. : cm. ; 24 cGBPb38 v3